แสดงรายละเอียดบรรณานุกรม
  กลับหน้าหลัก

Brief Record : Get Marc (ISO 2709) : E-mail record : QR code ปิดหน้าต่าง
E-books : เกี่ยวกับ Collections
LEADER 00000nam 2200000uu 4500
001    214412
003     ULIBM
008    250819s||||||||th 000 0 tha d
020 ^   ^a9786163989680
041    ^atha^beng
060 ^4  ^aWL355^bร924 2567
245 0   ^aโรคหลอดเลือดเล็กของสมอง =^bCerebral small vessel disease /^cบรรณาธิการ, กิตติ เทียนขาว.
246 31  ^aCerebral small vessel disease
250 ^   ^aพิมพ์ครั้งที่ 1.
260 ^   ^aเชียงใหม่ :^bหน่วยประสาทวิทยา ภาควิชาอายุรศาสตร์ คณะแพทยศาสตร์ มหาวิทยาลัยเชียงใหม่, ^c2567.
300 ^   ^a176, [10] หน้า: ^bภาพประกอบ,^c30 ซม.
505 0   ^aบทที่ 1 Definition, pathogenesis, and classification of cerebral small vessel disease -- บทที่ 2 Arteriolosclerosis -- บทที่ 3 Cerebralamyloid angiopathy -- บทที่ 4 Genetic cerebral small vesseldisease -- บทที่ 5 Neuroimaging markers of cerebral small vessel disease -- บทที่ 6 Advanced neuroimaging and laboratory fordiagnosis of cerebral small vessel disease -- บทที่ 7 Strokesyndromes caused by cerebral small vessel disease --บทที่ 8 Cognitive and psychiatric consequences of cerebral smallvessel disease -- บทที่ 9 Therapeutic approaches for cerebralsmall vessel disease -- บทที่ 10 Future directions of cerebralsmall vessel disease.
650 ^4  ^aโรคหลอดเลือดสมอง.
650 ^4  ^aหลอดเลือดสมอง^xโรค.
700 0   ^aกิตติ เทียนขาว,^eบรรณาธิการ.
710 2   ^aมหาวิทยาลัยเชียงใหม่.^bคณะแพทยศาสตร์.^bภาควิชาอายุรศาสตร์.
856    ^zโรคหลอดเลือดเล็กของสมอง.pdf (สารบัญหนังสือ)^uhttp://43.133.101.113/ULIB62015//_fulltext/5/214412/20250905162413_4162.pdf
999    ^aใช้งานได้ทุกระบบ
รายการนี้ยังไม่มีแท็ก
คุณยังไม่ได้ล็อกอิน คุณสามารถมีกิจกรรมร่วมกับเว็บไซต์ได้ แต่ต้องล็อกอินก่อน ::
  ล็อกอิน
ลำดับที่ ประเภท เลขเรียก สถานที่ สถานะ
1. การพยาบาล (ตำราหลัก)
การพยาบาล (ตำราหลัก)
WL355 ร924 2567 ฉ.1 
  
การพยาบาลผู้ใหญ่ On Shelf
  ขอยืม
Note:จัดซื้อปีงบประมาณ 2568
2. การพยาบาล (ตำราหลัก)
การพยาบาล (ตำราหลัก)
WL355 ร924 2567 ฉ.2 
  
การพยาบาลผู้ใหญ่ On Shelf
  ขอยืม
Note:จัดซื้อปีงบประมาณ 2568
   [แสดง 2/2 รายการ]

รายการใกล้เคียง
    หัวเรื่อง [โรคหลอดเลือดสมอง.]

BibComment


ยังไม่เคยถูกคอมเมนท์

คอมเมนท์ทรัพยากรรายการนี้
  คอมเมนท์: โรคหลอดเลือดเล็..
Bib 214412

 
 
 

 Union Library Management : ULibM
Copyright 2026. All Rights Reserved.
скачать бесплатно без регистрации порно красивый секс HD Sex Hindi sex

xxx gou

xxxx

bfxxx

xxxwww

Секса Видео

xxxx

Секса Видео

detube

geilexxx

C99 Shell

worms shell

blod xxx video
Ebony Coed Rihanna Rimes Takes A Dick In Her Young Twat priyaa indian fuck anal and pusssy hardcore indian women xxx desi hardcore fucking part 1 bengalixxxcouple